| 000 | 00411cam a22001337a 4500 | ||
|---|---|---|---|
| 008 | 180718b1990 xxu||||| |||| 00| 0 eng d | ||
| 082 | _aT19x64 In8 | ||
| 100 | _aHorton, Brendan | ||
| 245 |
_aMorocco: Analysis and reform of economic policy _cBy Brendan Horton |
||
| 260 |
_aWashington, D.C. _bIBRD _c1990 |
||
| 300 | _a132p. | ||
| 650 | _aEconomic Development - Morocco | ||
| 650 | _aMorocco - Economic Conditions | ||
| 999 |
_c225515 _d225515 |
||